| 000 | 00499nam a2200157 i 4500 | ||
|---|---|---|---|
| 001 | 88359 | ||
| 003 | ES-MaACL | ||
| 005 | 20230906175839.0 | ||
| 007 | t| | ||
| 008 | 050104s1915 sp ||||1| spa d | ||
| 100 | 1 |
_aLaguna Azorín, Emilio. _969623 |
|
| 245 | 1 | 0 |
_aEstudio de las acciones civiles en general y en especial de la interdiciales _b: procedimiento interdicial / _cEmilio Laguna Azorín. |
| 260 |
_aZaragoza : _b[s.n., _c1915] |
||
| 502 | _aTesis doctoral. | ||
| 852 |
_aES-MaACL _j1492-F-19 |
||
| 999 |
_c88359 _d88359 |
||